=LDR 00000nam 2200000 4500 =001 $a INLIS000000000008538 =005 $a 20260629103110 =008 $a 260629###########################0#ind## =022 ##$$a 978-602-6948-99-1 =035 ##$$a 0010-0626000165 =082 ##$$a 628 =084 ##$$a 628 MUN s =100 #$$a Mundiatun =245 ##$$a Sanitasi Lingkungan $b Pendidikan Lingkungan Hidup $c Mundiatun, Daryanto =247 ##$$a =260 ##$$a Jogyakarta $b Gava Media $c 2018 =300 ##$$a x., 214 halaman $b ilus $c 23 cm $e - =310 ##$$a =321 ##$$a =520 #$$a =650 #$$a Sanitasi Lingkungan =700 #$$a Daryanto =856 ##$$a Perpustakaan kemendukbangga =Wor $a 1